| 000 | 00577nam a2200229Ia 4500 | ||
|---|---|---|---|
| 003 | OSt | ||
| 005 | 20230329110911.0 | ||
| 008 | 210423s2016 xx 000 0 und d | ||
| 020 | _a978-81-309-1236-3 | ||
| 040 | _cAL | ||
| 041 | _aeng | ||
| 082 |
_a540 _223 _bFRYV |
||
| 100 |
_aFRY (Mitch);PAGE (Elizabeth) _979526 |
||
| 245 | _aViva catchup chemistry Ed 2 | ||
| 250 | _a2 | ||
| 260 |
_aNew Delhi _bViva Books Pvt Ltd _c2016 |
||
| 300 |
_axi,212 _bPB |
||
| 365 |
_b395 _cINR |
||
| 650 |
_aChemistry _979527 |
||
| 906 | _acatchup ; chemistry ; Viva | ||
| 942 |
_2ddc _cBK |
||
| 999 |
_c168859 _d168859 |
||